000 00612nam a2200169 a 4500
005 20140412111337.0
008 050427s19uu xx 00 eng d
020 _a0-8126-2150-6
050 _aBB
_bRe22 1995
100 _aAdams, Marilyn Jager
245 _aReading together :
_ba collection for young scholar book /
_cMarilyn Jager Adams.
260 _a[s.l.] :
_bOpen Court Publishing Company,
_c1995.
300 _a32 p. ; ill.
500 _aContents: Books to the ceiling--Mrs. Goose's Baby--I would'nt--Rags--Down the hill--Grandfather's Garden.
650 _aPeoms
_xJuvenile literature
999 _c105052
_d105052